Cuentos de América / (Registro nro. 7254)

Detalles MARC
000 -CABECERA
campo de control de longitud fija 01825nam a2200313 a 4500
001 - NÚMERO DE CONTROL
campo de control 000025096
003 - IDENTIFICADOR DEL NÚMERO DE CONTROL
campo de control DO-SdBPM
005 - FECHA Y HORA DE LA ÚLTIMA TRANSACCIÓN
campo de control 20250826135429.0
007 - CAMPO FIJO DE DESCRIPCIÓN FÍSICA--INFORMACIÓN GENERAL
campo de control de longitud fija ta
008 - DATOS DE LONGITUD FIJA--INFORMACIÓN GENERAL
campo de control de longitud fija 110210s19uu dr a 000 j spa d
020 ## - NÚMERO INTERNACIONAL ESTÁNDAR DEL LIBRO
Número Internacional Estándar del Libro 9945120018
040 ## - FUENTE DE LA CATALOGACIÓN
Centro catalogador/agencia de origen DO-SdBPM
Lengua de catalogación spa
Centro/agencia transcriptor BPMSU
Normas de descripción rda
Centro/agencia modificador
082 #4 - NÚMERO DE LA CLASIFICACIÓN DECIMAL DEWEY
Número de clasificación A863.08
Número de documento/Ítem C965a
Número de edición 22
092 ## - ASIGNACIÓN LOCAL DE SIGNATURA TOPOGRÁFICA DEWEY (OCLC)
Número de clasificación
245 00 - MENCIÓN DE TÍTULO
Título Cuentos de América /
Resto del título compilación Amado Céspedes Marín
264 ## - PRODUCCIÓN, PUBLICACIÓN, DISTRIBUCIÓN, FABRICACIÓN Y COPYRIGHT
Producción, publicación, distribución, fabricación y copyright Santo Domingo :
Nombre del de productor, editor, distribuidor, fabricante Susaeta, Ediciones Dominicanas
Fecha de producción, publicación, distribución, fabricación o copyright [199--?].
300 ## - DESCRIPCIÓN FÍSICA
Extensión 138 páginas :
Otras características físicas ilustraciones ;
Dimensiones 22 cm.
336 ## - TIPO DE CONTENIDO
Término de tipo de contenido texto
Código de tipo de contenido txt
Fuente rdacontent
337 ## - TIPO DE MEDIO
Nombre/término del tipo de medio sin mediación
Código del tipo de medio n
Fuente rdamedia
338 ## - TIPO DE SOPORTE
Nombre/término del tipo de soporte volumen
Código del tipo de soporte nc
Fuente rdacarrier
490 0# - MENCIÓN DE SERIE
Mención de serie Biblioteca Susaeta
505 0# - NOTA DE CONTENIDO CON FORMATO
Nota de contenido con formato Un elefante ocupa mucha espacio / Elsa Isabel Bornemam -- La pancita del gato / Marta Giménez Pastor -- El caballo que perdió la cola / Javier Villafañe -- Sombrera / María Elena Walsh -- Un loro en el gallinero / Saúl Schrolnik -- El mohán y el pescador / Hernando García Mejía -- El renacuajo paseador / Rafael Pombo -- Simón el bobito -- La pobre viejecita -- El gato bandido --Los tres pichones / Onelio Jorge Cardoso -- La muñeca negra / José Martí -- La palomita verde / Miguel Ángel Asturias -- El ángel caído / Amado Nervo -- Juan Darién / Horacio Quiroga -- El plumaje del múcaro / Ricardo E. Alegría -- Cocorí encuentra una canción / Joaquín Gutierrez -- Una pregunta sale a rodar tierras -- El mejor de los regalos / Santiago Agüello -- La madre que envejeció de la noche a la mañana / Amando Céspedes Marín.
590 ## - NOTA LOCAL (RLIN)
Nota local Inventariado, 2025/VM
650 #7 - PUNTO DE ACCESO ADICIONAL DE MATERIA--TÉRMINO DE MATERIA
Término de materia o nombre geográfico como elemento de entrada Cuentos juveniles
Subdivisión de forma Colecciones
650 #7 - PUNTO DE ACCESO ADICIONAL DE MATERIA--TÉRMINO DE MATERIA
Término de materia o nombre geográfico como elemento de entrada Literatura juvenil latinoamericana
700 1# - PUNTO DE ACCESO ADICIONAL--NOMBRE DE PERSONA
Nombre de persona Amado Céspedes Marín
Fechas asociadas al nombre 1881-1976
Término indicativo de función/relación compilador
910 ## - DATOS DE OPCIÓN DEL USUARIO (OCLC)
Datos de opción del usuario VMateo V. Control de calidad. BPMSU
942 ## - ELEMENTOS DE PUNTO DE ACCESO ADICIONAL (KOHA)
Fuente del sistema de clasificación o colocación Dewey Decimal Classification
Tipo de ítem Koha Libros
Existencias
Estado de retiro Estado de pérdida Fuente del sistema de clasificación o colocación No para préstamo Código de colección Localización permanente Ubicación/localización actual Fecha de adquisición Total de préstamos Signatura topográfica completa Código de barras Fecha visto por última vez Número de copia Precio válido a partir de Tipo de ítem Koha
    Dewey Decimal Classification   Colección Juvenil Dominicana Biblioteca Pública Metropolitana Salomé Ureña Biblioteca Pública Metropolitana Salomé Ureña 01/28/2015   BPMSU CJD A863.08 C965a BPMSU15040822 01/28/2015 01/28/2015 Libros
    Dewey Decimal Classification   Colección Dominicana Biblioteca Pública Metropolitana Salomé Ureña Biblioteca Pública Metropolitana Salomé Ureña 03/06/2015   BPMSU CJD A863.08 C965a BPMSU15040823 03/06/2015 e.2 03/06/2015 Libros